Sharḥ al-Maḍnūn bihi ʻalá ghayr ahlihi : huwa sharḥ al-Shaykh al-ʻallāmah ʻUbayd Allāh ibn ʻAbd al-Kāfī ʻalá al-abyāt allatī intakhabahā al-Shaykh al-imām al-ʻallāmah ʻIzz al-Dīn ʻAbd al-Wahhāb al-Zanjānī, ʻafá Allāh ʻanhu, Āmīn /
Main Author:
Other Authors: ,
Format: Book
Language: Arabic
Published:
Miṣr :
Maṭbaʻat al-Saʻādah,
1913-1915.
Edition: Al-Ṭabʻah al-ūlá.
Subjects:
Tags: Add Tag
Call Number: PJ7541 .Z35 U2 1913
| LEADER | 02529nam a2200301Ia 4500 | ||
|---|---|---|---|
| 003 | OSt | ||
| 005 | 20231015094716.0 | ||
| 008 | 130303m19131915ua b 001 0dara d | ||
| 952 | |0 0 |1 0 |2 lcc |4 0 |6 PJ7541 Z35 U2 01913 |7 1 |9 50444 |a ARCE |b ARCE |d 2023-10-15 |l 0 |o PJ7541 .Z35 U2 1913 |p 1023151 |r 2023-10-15 00:00:00 |w 2023-10-15 |y BK | ||
| 999 | |c 30374 |d 30374 | ||
| 010 | |a 2019418757 | ||
| 040 | |c ARCE Library | ||
| 050 | 4 | |a PJ7541 .Z35 U2 1913 | |
| 100 | 1 | |6 880-01 |a ʻUbaydī, ʻUbayd Allāh ibn ʻAbd al-Kāfī, |d active 14th century, |e author | |
| 245 | 1 | 0 | |6 880-02 |a Sharḥ al-Maḍnūn bihi ʻalá ghayr ahlihi : |b huwa sharḥ al-Shaykh al-ʻallāmah ʻUbayd Allāh ibn ʻAbd al-Kāfī ʻalá al-abyāt allatī intakhabahā al-Shaykh al-imām al-ʻallāmah ʻIzz al-Dīn ʻAbd al-Wahhāb al-Zanjānī, ʻafá Allāh ʻanhu, Āmīn / |c ʻAlá nafaqat Isḥāq Binyāmīn Yahūdā. |
| 246 | 1 | |i Title on added title page : |a Šarḥ al-maḍnūn bihi ʻala ġair ahlihi | |
| 250 | |a Al-Ṭabʻah al-ūlá. | ||
| 264 | 1 | |a Miṣr : |b Maṭbaʻat al-Saʻādah, |c 1913-1915. | |
| 300 | |a 11, 572, ix pages ; |c 21 cm. | ||
| 504 | |a Includes bibliographical references and index. | ||
| 600 | 1 | 0 | |a Zanjānī, ʻAbd al-Wahhāb ibn Ibrāhīm, |d active 1257. |
| 650 | 0 | |a Arabic poetry |x History and criticism |v Early works to 1800. | |
| 700 | 1 | |a Manṣūrī, Maḥmūd al-Imām. | |
| 700 | 1 | |a Yahuda, Isaac Benjamin S. E. |9 42437 | |
| 880 | 1 | |6 100-01/(3/r |a عبيدي، عبيد الله بن عبد الكافي، |d نشط القرن 14. | |
| 880 | 1 | 0 | |6 245-02/(3/r |a شرح المضنون به على غير أهله : |b هو شرح الشيخ العلامة عبيد الله بن عبد الكافي على الأبيات التي إنتخبها الشيخ الإمام العلامة عز الدين عبد الوهاب الزنجاني، عفى الله عنه، آمين |c على نفقة إسحاق بنيامين يهودا. |
| 901 | |a reviewed | ||
| 942 | |c BK |2 lcc | ||
